000 02092nam a2200181 4500
999 _c512849
_d512849
008 191223b ||||| |||| 00| 0 eng d
100 _aFernandez, Kandyce
_914792
245 _aFostering civic health: An analysis of the generative and mediating activities of community-based organizations
260 _bAmerican Review of Public Administration
300 _a49(7), Oct. 2019: p.762-776.
520 _aCivic engagement in U.S. political life has declined since the 1950s resulting in a deluge of studies that explore its causes and implications. Research to date has directed little attention to the institutional role of associations as the foundation for civic engagement in all of its forms. This article utilizes institutional theory as a lens to examine the ways in which community-based organizations (CBOs), in tandem with local government, foster civic engagement, and enhance representation in their communities. Through interview data obtained from stakeholders of 18 local education foundations (LEFs) in Florida, we examine the ways in which CBOs nurture civic health with client communities (generative role) and represent their interests in local policy arenas (mediating role). Based on the results of this initial study, we argue that greater attention should be directed to the relationships between CBOs and measures of civic health given their unique capacity to foster it. Results indicate the relationship between generative and mediating activities is such that CBOs’ engagement with client communities establishes the foundational knowledge necessary for representing their interests in the interorganizational arena. In addition, CBOs were found to establish both bridging and bonding capital in the interorganizational arena through their efforts to exert influence on behalf of client communities. - Reproduced.
650 _aPublic administration
_914789
700 _aRobichau, Robbie
_914790
700 _aAlexander, Jennifer
_914791
773 _aAmerican Review of Public Administration
906 _aPolitical participation
942 _2ddc
_cAR